Totó y el anillo mágico / (Registro nro. 15646)
[ vista simple ]
| 000 -LEADER | |
|---|---|
| fixed length control field | 01594nam a22002897a 4500 |
| 003 - CONTROL NUMBER IDENTIFIER | |
| control field | OSt |
| 005 - DATE AND TIME OF LATEST TRANSACTION | |
| control field | 20250710114044.0 |
| 008 - FIXED-LENGTH DATA ELEMENTS--GENERAL INFORMATION | |
| fixed length control field | 211209s1986 sp a|||jr|||| 00| fdspa d |
| 020 ## - INTERNATIONAL STANDARD BOOK NUMBER | |
| International Standard Book Number | 8420436240 |
| 040 ## - CATALOGING SOURCE | |
| Original cataloging agency | CO-JMCR |
| Transcribing agency | CO-JMCR |
| 041 1# - LANGUAGE CODE | |
| Language code of text/sound track or separate title | spa |
| Language code of original | ita |
| 082 04 - DEWEY DECIMAL CLASSIFICATION NUMBER | |
| Classification number | N |
| Item number | FANt |
| Edition number | 23 |
| 100 1# - MAIN ENTRY--PERSONAL NAME | |
| Personal name | Fano, Giorgio, |
| Relator term | autor |
| 9 (RLIN) | 41802 |
| 245 10 - TITLE STATEMENT | |
| Title | Totó y el anillo mágico / |
| Statement of responsibility, etc. | Giorgio Fano ; traducción de Gabriela Sánchez Ferlosio ; ilustraciones de Sergio Tofano |
| 250 ## - EDITION STATEMENT | |
| Edition statement | Tercera edición |
| 260 ## - PUBLICATION, DISTRIBUTION, ETC. | |
| Place of publication, distribution, etc. | Madrid : |
| Name of publisher, distributor, etc. | Ediciones Alfaguara, |
| Date of publication, distribution, etc. | 1986 |
| 300 ## - PHYSICAL DESCRIPTION | |
| Extent | 96 páginas : |
| Other physical details | ilustraciones a blanco a negro ; |
| Dimensions | 19 cm. |
| 490 0# - SERIES STATEMENT | |
| Series statement | Alfaguara Juvenil |
| 500 ## - GENERAL NOTE | |
| General note | Incluye datos biográficos del autor.<br/>Título original. Toto e l'anello magico |
| 520 ## - SUMMARY, ETC. | |
| Summary, etc. | Su amor por el imaginativo mundo de la infancia le facilitó un conocimiento detallado sobre el poder de transformación de la fantasía, reflejado, por ejemplo, en Totó y el anillo mágico, donde el protagonista vive grandes apuros al verse convertido en un niño con cuerpo de persona mayor, al que sólo su perro consigue reconocer. Así, desde una situación aparentemente absurda, Giorgio Fano logra introducirnos en el cambiante mundo de los más jóvenes, sin dejar por ello de hacer un guiño travieso al grave mundo de los adultos. |
| 546 ## - LANGUAGE NOTE | |
| Language note | Traducido del italiano. |
| 650 14 - SUBJECT ADDED ENTRY--TOPICAL TERM | |
| Topical term or geographic name entry element | Cuentos infantiles italianos |
| 9 (RLIN) | 491 |
| 650 24 - SUBJECT ADDED ENTRY--TOPICAL TERM | |
| Topical term or geographic name entry element | Poder de transformación |
| General subdivision | cuento infantil |
| 9 (RLIN) | 41803 |
| 700 1# - ADDED ENTRY--PERSONAL NAME | |
| Personal name | Sánchez Ferlosio, Gabriela, |
| Relator term | traductora |
| 9 (RLIN) | 41804 |
| 700 1# - ADDED ENTRY--PERSONAL NAME | |
| Personal name | Tofano, Sergio, |
| Relator term | ilustrador |
| 9 (RLIN) | 41805 |
| 942 ## - ADDED ENTRY ELEMENTS (KOHA) | |
| Source of classification or shelving scheme | Dewey Decimal Classification |
| Koha item type | Books |
| Withdrawn status | Lost status | Source of classification or shelving scheme | Damaged status | Not for loan | Collection code | Home library | Current library | Date acquired | Source of acquisition | Total Checkouts | Full call number | Barcode | Date last seen | Date last checked out | Copy number | Price effective from | Koha item type |
|---|---|---|---|---|---|---|---|---|---|---|---|---|---|---|---|---|---|
| Dewey Decimal Classification | Fiction | Biblioteca Pública José María del Castillo y Rada | Biblioteca Pública José María del Castillo y Rada | 12/06/2021 | Donación | 2 | N FANt | 201811210 | 03/31/2026 | 03/31/2026 | Ej.1 | 12/09/2021 | Books |